Svedectvo dôkladnej práce s hercami Pozoruhodný Višňový sad s problematickými momentmi

Podrobná bibliografia
Hlavný autor: Fiala, Anton, 1949- (Autor)
Médium: Článok
Jazyk:slovenčina
PhysicalDescription:Obr. 1.
Predmet:

MARC

LEADER 00000nab a2200000 a 4500
001 vtls000193934
003 SK-MaSNL
005 20260305010136.0
008 040806c1984 xo 0 slo
015 |a SNBRB19rr/mm-uuuuu 
035 |a CL0204047 
040 |a SNKBUCL  |b slo  |c SNKBUCL  |e AACR2 
041 0 |a slo 
044 |a xo  |c SK 
080 |a 792.2  |2 1981 
100 1 |a Fiala, Anton,  |d 1949-  |4 aut  |9 14047 
245 1 0 |a Svedectvo dôkladnej práce s hercami  |b Pozoruhodný Višňový sad s problematickými momentmi  |c F-a 
300 |b Obr. 1. 
500 |a Réžia V. Strnisko 
600 1 7 |a Čechov, Anton Pavlovič,  |d 1860-1904  |t Višňový sad  |2 snkbucl  |9 98108 
610 2 7 |a Divadlo Nová scéna.  |b Štúdio  |2 snkbucl  |9 214006 
650 0 7 |a činohry  |2 snkbucl  |9 3325 
655 7 |a recenzie  |2 snkbucl  |9 21907 
655 7 |a články z novín a časopisov  |2 snkbucl  |9 267496 
773 0 |t Hlas ľudu  |g Roč. 30, č. 229 (27. 9. 1984), s. 3 
850 |a Slovenská národná knižnica v Martine  |a MTA001 
852 |a SNK  |b KIS3GCP 
999 |c 3244913  |d 3246843